all friends of Russia - Statistics

General Stats
  • This quiz has been taken 31 times
  • The average score is 35 of 58
Answer Stats
Continent Country % Correct
Asia China
89%
Europe Belarus
86%
Asia North Korea
79%
N.America Cuba
75%
Africa Egypt
75%
Asia India
75%
Asia Kazakhstan
75%
Asia Kyrgyzstan
75%
Europe Serbia
75%
Asia Syria
75%
Asia Turkmenistan
75%
S.America Venezuela
75%
Asia Afghanistan
71%
Africa Algeria
71%
S.America Brazil
71%
Asia Iran
71%
Asia Uzbekistan
71%
Asia Armenia
68%
Asia Azerbaijan
68%
Africa Libya
68%
Asia Mongolia
68%
Asia Saudi Arabia
68%
Africa South Africa
68%
Asia Turkey
68%
Asia Vietnam
68%
Asia Indonesia
64%
Asia Tajikistan
64%
Africa Angola
61%
S.America Bolivia
61%
Asia Laos
61%
Asia Myanmar
61%
Africa Ethiopia
57%
Asia Sri Lanka
57%
Asia Thailand
57%
Africa Tunisia
57%
Asia Bangladesh
54%
Africa Eritrea
54%
Europe Hungary
54%
Africa Kenya
54%
S.America Uruguay
54%
Asia Bahrain
50%
Africa Namibia
50%
Africa Guinea
46%
Asia Kuwait
46%
Africa Lesotho
46%
Africa Madagascar
46%
Africa Mozambique
46%
Africa Zimbabwe
46%
Africa Guinea Bissau
43%
Africa Maldives
43%
Oceania Nauru
43%
N.america Nicaragua
43%
Africa Seychelles
43%
Oceania Kiribati
39%
Africa Mauritius
39%
Africa Botswana
36%
Oceania Fiji
36%
Africa Sierra Leone
36%
No matching quizzes found
Score Distribution
Percent of People with Each Score
Percentile by Number Answered
Your Score History
You have not taken this quiz